00267nam a2200085Ia 4500008004100000041000800041100001100049245009500060260002600155221007s9999 xx 000 0 und d aeng aFeb-06 aPC Quest: Customizes databased development tool, CRM Solution, Vulnerability aiti solution bCyber media Ind. Ltd.